| 000 | 00475cam a2200193ua 4500 | ||
|---|---|---|---|
| 020 | _c9.50 | ||
| 041 |
_aeng _h |
||
| 082 |
_a532 _bLEW/HY |
||
| 100 | _aLewitt, E.H . | ||
| 245 |
_aHydraulics and fluid mechanics / _cE.H.Lewitt. _hTextual Documents |
||
| 250 |
_a10 / _b. |
||
| 260 |
_a : _bThe English Language book society , _c1923. |
||
| 300 |
_a752 : _b` ; . |
||
| 365 | _a9.50 | ||
| 504 | _a | ||
| 942 | _cBK | ||
| 999 |
_c1750 _d1750 |
||